[Event "Saint Louis Ultimate Blitz Challenge"]
[Site "Saint Louis"]
[Date "2016.04.29"]
[Round "16"]
[White "So, Wesley"]
[Black "Kasparov, Garry"]
[Result "1/2-1/2"]
[WhiteElo "2773"]
[BlackElo "2812"]
[Annotator "CB"]
[PlyCount "91"]
[EventDate "2016.04.28"]
[EventType "tourn (blitz)"]
[EventRounds "18"]
[EventCountry "USA"]
[EventCategory "22"]
[SourceTitle "CBM 172 Extra"]
[Source "ChessBase"]
[SourceDate "2016.06.21"]
[SourceVersion "1"]
[SourceVersionDate "2016.06.21"]
[SourceQuality "1"]

1. Nf3 g6 2. e4 Bg7 3. d4 d6 4. c4 Bg4 5. Be2 Nc6 6. Nbd2 e5 7. d5 Nce7 8. O-O
Nf6 9. c5 O-O 10. cxd6 cxd6 11. h3 Bd7 12. Re1 b5 13. Bf1 Nc8 14. b3 Rb8 15. a4
a6 16. axb5 axb5 17. Ba3 Ne8 18. Bb4 f5 19. Ra6 Bh6 20. exf5 Bxf5 21. g4 Bd7
22. Ne4 Bf4 23. Bg2 Qe7 24. Qc2 Kh8 25. Qb2 Kg8 26. Qa3 h5 27. Nxd6 Ncxd6 28.
Bxd6 Nxd6 29. Qxd6 Qxd6 30. Rxd6 hxg4 31. hxg4 e4 32. Rxd7 exf3 33. Bxf3 Bd2
34. Re2 Rxf3 35. Rxd2 Rxb3 36. d6 Rf3 37. Rc7 b4 38. Kg2 Rff8 39. Re2 Rfd8 40.
Re6 b3 41. Rxg6+ Kh8 42. Rh6+ Kg8 43. Rg6+ {Diagramm [#]} ({Stattdessen} 43.
Rhh7 $1 {hätte gewonnen.} b2 44. Rcg7+ $1 Kf8 45. Rb7 $1 Kg8 46. Rhd7 $3 Rdc8
(46... b1=Q 47. Rxb1) (46... Re8 47. Rg7+ Kh8 48. Rh7+ Kg8 49. Rbg7+ Kf8 50.
Re7 $1 Kg8 (50... Rxe7 51. dxe7+ $18) 51. Rxe8+ Rxe8 52. Rb7) 47. Rg7+ (47.
Rdc7 Rd8 48. Rg7+ Kh8 49. Rgd7 Rdc8 50. Rh7+ Kg8 51. Rbg7+ Kf8 52. Rc7 Kg8 53.
Rxc8+ Rxc8 54. Rb7) 47... Kf8 48. Rh7 Kg8 49. Rbg7+ Kf8 50. Rc7 Kg8 (50... Rxc7
51. dxc7 b1=Q 52. cxb8=Q+ Qxb8 53. Rh8+) 51. Rxc8+ Rxc8 52. Rb7) 43... Kf8 44.
Rh6 Kg8 45. Rg6+ Kf8 46. Rh6 1/2-1/2

[Event "Shanghai m"]
[Site "Shanghai"]
[Date "2016.05.05"]
[Round "2"]
[White "So, Wesley"]
[Black "Ding, Liren"]
[Result "1/2-1/2"]
[WhiteElo "2775"]
[BlackElo "2778"]
[Annotator "CB"]
[PlyCount "61"]
[EventDate "2016.05.04"]
[EventType "match"]
[EventRounds "4"]
[EventCountry "CHN"]
[SourceTitle "CBM 173"]
[Source "ChessBase"]
[SourceDate "2016.07.12"]
[SourceVersion "1"]
[SourceVersionDate "2016.07.12"]
[SourceQuality "1"]
[TimeControl "40/5400+30:1800+30"]

1. e4 e5 2. Nf3 Nc6 3. Bb5 a6 4. Ba4 Nf6 5. O-O Nxe4 {Ding Liren ist neben
Vachier Lagrave der einzige Top Ten Spieler der Welt, der die Berliner Mauer
nicht als Hauptwaffe gegen 1.e4 spielt. Die offene Variante des Spaniers
verwendet er hingegen oft, doch auch So hat hier Erfahrung, spielte er im
Januar in Wijk aan Zee doch zweimal diese alterwürdige Variante.} 6. d4 b5 7.
Bb3 d5 8. dxe5 Be6 9. c3 (9. Nbd2 Nc5 10. c3 Be7 11. Bc2 d4 12. Nb3 d3 {
ist die absolute Hauptvariante. Weiß kann nun zwischen dem soliden 13.Sxc5 mit
sehr leichtem Vorteil im Endspiel wählen oder das ambitioniertere 13.Lb1 mit
unklarer Stellung wählen.} 13. Nxc5 (13. Bb1 Nxb3 14. axb3 Bf5 15. Re1 O-O {
1/2-1/2 (70) Wei Yi (2706)-So,W (2773) Wijk aan Zee NED 2016}) 13... dxc2 14.
Qxd8+ Rxd8 15. Nxe6 fxe6 16. Be3 Rd5 17. Rfc1 Nxe5 18. Nxe5 Rxe5 19. Bd4 Rg5
20. Rxc2 Kf7 21. Be3 Re5 {1/2-1/2 (99) Carlsen,M (2844)-Ding Liren (2766) Wijk
aan Zee NED 2016}) 9... Be7 10. Be3 O-O (10... Nc5 $5 {ist eine schärfere
Alternative} 11. Bc2 Nd7 12. Re1 Ndxe5 13. Nxe5 Nxe5 14. Bd4 Nc6 15. Bxg7 Rg8
16. Bh6 Bc5 17. Qf3 Qh4 $13 {0-1 (65) Acs,P (2525)-Kortschnoj,V (2619) Paks
2005}) 11. Nbd2 Nxd2 {so bekommt Weiß einen leichten Vorteil, doch Ding Liren
zeigt, dass dieser gut zu neutralisieren ist.} (11... Qd7 {wiederum
ambitionierter ist, den Springer auf e4 zu belassen.} 12. Re1 Rad8 13. Bc2 f5
14. exf6 Nxf6 {mit leichtem weißen Vorteil, doch unklarerem Spiel} 15. a4 Ng4
16. axb5 axb5 17. Bd4 Nxd4 18. Nxd4 Qd6 19. N2f3 Bd7 20. h3 Nxf2 21. Kxf2 Bh4+
22. Kg1 Bxe1 23. Qxe1 c5 24. Nb3 Bxh3 25. Ng5 Bf5 26. Bxf5 Rxf5 27. Qe6+ Qxe6
28. Nxe6 Re8 29. Nbxc5 Re5 30. Ra6 Re2 31. b4 Rc2 32. Ra7 Rxc3 33. Rxg7+ Kh8
34. Rd7 Rc4 35. Ng5 Rxb4 36. Nce6 Rh4 37. g3 Rh5 38. Kg2 b4 39. Nf7+ Kg8 40.
Nf4 {1-0 (40) Kasparov,G (2813)-Shirov,A (2726) Izmir 2004 CBM 104 [Postny,E]})
12. Bxd2 $5 $146 {nimmt dem schwarzen Standardmanöver die Pointe, stellt den
Läufer aber auch auf ein unnatürliches Feld} (12. Qxd2 {wurde bisher
ausschließlich gespielt - Schwarz kann hier jedoch forciert fortsetzen und
mittels} Na5 {sein Spiel natürlich voran treiben.} 13. Bc2 (13. Nd4 c5 14. Nxe6
fxe6 15. Bc2 Nc4 16. Qd3 g6 17. Bh6 Rf7 $13 {0-1 (31) Becker,A-Bogoljubow,E
Karlsruhe 1938}) 13... Nc4 14. Qd3 g6 15. Bh6 Nxb2 16. Qe3 Nc4 17. Qf4 f6 (
17... Re8 $146 {furchtlos - Weiß hat Kompensation, aber ob diese ausreicht ist
bezweifelbar}) 18. Bxf8 Qxf8 19. Nd4 $14 {1-0 (47) Psakhis,L (2545)-Zaitsev,I 
(2465) Yerevan 1982}) 12... Qd7 $1 {von Sos Neuerung überrascht findet sich
Ding Liren gut zurecht und wählt einen weiteren logischen Plan, der den
typischen Zentrumsdurchbruch d4 vorbereitet.} (12... Na5 13. Bc2 Nc4 14. Bc1 c5
15. Qe2 {ist die weiße Idee. Die Stellung ist zweischneidig, doch sicherlich
etwas besser für Weiß.}) 13. Re1 Rad8 14. Bg5 $2 (14. Qe2 d4 15. cxd4 Nxd4 16.
Nxd4 Qxd4 17. Ba5 $1 Qa7 $1 {nebst dem entlastenden Manöver Lc5-Lb6 sichert
Ausgleich} 18. Rac1 Bc5) 14... Bg4 15. Bxe7 Qxe7 {ich weiß nicht, wieso der
Us-Amerikaner diese Stellung anstrebte. Sein Bauer e5 teigt zur Schwäche, der
Springer ist unangenehm gefesselt und der Durchbruch d4 liegt in der Luft.} 16.
Bc2 {Diagramm [#]} d4 $6 {strebt das entstehende Schwerfigurenendspiel an, das
kleinen Vorteil sichert.} (16... g6 $1 {hätte die Spannung noch etwas aufrecht
gehalten. Aktuell droh Schwarz den e5 einfach einzustecken.} 17. a4 (17. h3 $6
Bxf3 18. Qxf3 Nxe5 19. Qg3 (19. Qe3 Rfe8 20. f4 Nc6 $17) 19... Rde8 20. f4 Qc5+
$17) 17... d4 $36 (17... Bxf3 18. Qxf3 Nxe5 19. Qe3 Rfe8 20. axb5 axb5 21. f4
Nc6 22. Qxe7 Rxe7 23. Rxe7 Nxe7 24. Ra7 $44)) (16... Bxf3 $6 17. Qxf3 Nxe5 $4
18. Qf5 {[%cal Rf5e5,Rf5h7]}) 17. Qd3 g6 18. Nxd4 Nxd4 19. cxd4 Bf5 20. Qb3
Bxc2 21. Qxc2 Rxd4 {der Rauch ist etwas verzogen und die schwarze Initiative
nicht allzu beträchtlich. So sichert in der Folge problemlos das Remis.} 22.
Qc6 Qe6 23. Qxc7 (23. Qxe6 {auch hier behält Schwarz etwas Druck} fxe6 24. Rad1
Rfd8 25. Rxd4 Rxd4 26. Kf1 c5 (26... Rd2 $6 27. Re2 Rd1+ 28. Re1 Rxe1+ 29. Kxe1
c5 30. Ke2 Kf7 31. Kd3 {bietet Schwarz nur Remischancen}) 27. Rc1 Rd5 28. f4 g5
29. fxg5 Rxe5 $15) 23... Rc8 24. Qa7 Rd2 25. b4 Rcc2 26. h3 {Diagramm [#] die
schwarze Initiative wirkt bedrohlich, doch So hat alles im Griff und kann
mittels des Durchbruchs e6 immer genug Gegenspiel organisieren.} Qf5 (26...
Rxa2 27. Rxa2 Rxa2 28. Qd4 $11) 27. e6 Qxf2+ 28. Qxf2 Rxf2 29. e7 Rxg2+ 30. Kh1
Rh2+ 31. Kg1 1/2-1/2

[Event "Bilbao Masters 9th"]
[Site "Bilbao"]
[Date "2016.07.19"]
[Round "6"]
[White "So, Wesley"]
[Black "Karjakin, Sergey"]
[Result "1/2-1/2"]
[WhiteElo "2770"]
[BlackElo "2773"]
[Annotator "Krasenkow,M"]
[PlyCount "93"]
[EventDate "2016.07.13"]
[EventType "tourn"]
[EventRounds "10"]
[EventCountry "ESP"]
[EventCategory "22"]
[SourceTitle "CBM 174"]
[Source "ChessBase"]
[SourceDate "2016.09.13"]
[SourceVersion "1"]
[SourceVersionDate "2016.09.13"]
[SourceQuality "1"]

1. d4 Nf6 2. c4 e6 3. Nc3 Bb4 4. e3 O-O 5. Nge2 d5 6. a3 Be7 7. cxd5 exd5 8.
Nf4 Re8 9. Bd3 Bd6 {This way to do without ...c7-c6 has gained popularity.} 10.
O-O (10. Nfxd5 $2 Nxd5 11. Nxd5 Qg5 $19 {0-1 (22) Madic,Z (2076)-Mladenovic,S 
(2281) Paracin 2014}) 10... Bxf4 11. exf4 Nc6 $5 {[%mdl 4] That is Black's
idea behind 9...Bd6 (instead of 9...c6). His knight comes out, and he is ready
to occupy light squares with ...Nc6-e7 and ...Bc8-f5 or ...Ne7-f5.} 12. Be3 {
Or else:} (12. f3 a6 (12... Nxd4 $5 13. Bxh7+ Kxh7 14. Qxd4 b6 15. b4 Kg8) 13.
Ne2 Nd7 14. f5 $6 Qf6 15. Bb1 Nb6 16. g4 Nc4 17. Qd3 Bd7 $15 {0-1 (45)
Khurtsidze,N (2443)-Kosteniuk,A (2489) Belgrade 2013}) (12. Bc2 Ne7 13. f3 (13.
h3 Bf5 14. Ba4 Bd7 15. Bb3 (15. b4 $6 Bxa4 16. Nxa4 Ne4 17. Qd3 b6 18. Ra2 Qd7
19. Nc3 Nf5 $17 {0-1 (40) Cummings,D (2345)-Margvelashvili,G (2534)
Philadelphia 2015}) (15. Bc2 $5 Bf5 $140 $11) 15... h5 16. f5 Bxf5 17. Bg5 Bg6
18. Bxf6 gxf6 19. Qf3 Nf5 20. Bxd5 c6 21. Ba2 Qxd4 22. Rad1 Qe5 23. Rd7 Re7 24.
Rxe7 Qxe7 25. Rd1 Rd8 $15 {1/2 (88) Deglmann,L (2340)-Bogner,S (2599) Bad
Wiessee 2014}) 13... h5 (13... Bf5 14. Ba4 Bd7 15. Bc2 Bf5 16. Ba4 Bd7 17. Bb3
h5 18. Be3 Nf5 19. Bf2 Ne3 20. Bxe3 Rxe3 21. Qd2 Re8 22. Rfe1 Rxe1+ 23. Rxe1 c6
24. Bc2 Qc7 25. Re5 Re8 26. Qe3 Kf8 $11 {0-1 (52) Pop,A (2284)-Berkes,F (2678)
Mamaia 2013}) 14. Re1 Bf5 15. Be3 Bxc2 16. Qxc2 Qd7 17. Bf2 Nc6 18. Qd3 a6 19.
h3 Rxe1+ 20. Rxe1 Re8 21. Rxe8+ Nxe8 22. g4 f5 23. g5 $15 {1/2 (23) Brunello,S
(2568)-Bellia,F (2415) Boscotrecase 2014}) (12. Ne2 Ne4 13. Be3 (13. Qc2 Bf5
14. Be3 Qd7 15. Rac1 (15. f3 Nd6 16. Bf2 Na5 17. Nc3 c6 18. g4 Bxd3 19. Qxd3
Re7 20. f5 Rae8 $17 {0-1 (43) Sadilek,P (2277)-Acs,P (2564) Austria 2013})
15... Nd6 16. Rfd1 Rac8 17. Qc5 Bxd3 18. Rxd3 Ne7 19. b3 a6 20. Ng3 c6 21. f3
Ndf5 $17 {1/2 (29) Yang,D (2478)-Margvelashvili,G (2531) Richardson 2015})
13... Bf5 (13... Ne7 14. Ng3 Nf5 15. Bxe4 dxe4 16. Nxf5 Bxf5 17. d5 $11 {
1/2 (25) Swayams,M (2439)-Shyam,S (2496) Pune 2015}) 14. Rc1 Qd7 15. Bb5 Nd6
16. Qa4 Nxb5 17. Qxb5 Rab8 18. Ng3 a6 19. Qa4 Rbc8 20. Nxf5 Qxf5 21. Rc5 Red8
22. Rfc1 h5 23. h3 Rd7 24. Rxc6 bxc6 25. Rxc6 Ra8 26. b4 $44 {1/2 (33)
Sasikiran,K (2660)-Karjakin,S (2772) Tromsoe 2013}) 12... Ne7 13. Qc2 (13. Re1
Nf5 (13... c6 $5 {[%cal Yc8f5]}) 14. Bxf5 (14. Qc2 g6 15. h3 h5 16. Rac1 Kg7
17. b4 Nd6 18. Nb5 Nxb5 19. Bxb5 c6 20. Bd3 Ne4 21. b5 Bd7 22. bxc6 bxc6 23. f5
$5 Bxf5 24. Qxc6 Rc8 $11 {1-0 (36) Bajarani,U (2522)-Sadilek,P (2357) Arad 2015
}) 14... Bxf5 15. f3 h5 16. Bf2 Rxe1+ 17. Qxe1 Qd6 18. Qe5 Qd7 19. Qe2 Re8 20.
Qd2 Qd6 21. h3 Bd7 22. g4 hxg4 23. hxg4 Nh7 24. f5 g6 25. fxg6 Qxg6 26. Re1 c6
$11 {1/2 (57) Rozum,I (2547)-Abdusattorov,N (2432) St Petersburg RUS 2015})
13... g6 (13... Qd7 $5 14. f3 c5 15. Bb5 Nc6 16. Bf2 {1/2 (16) Stella,A (2409)
-Gundavaa,B (2503) Pardubice 2016}) 14. f3 h5 (14... Bf5 {is possible, too,
not fearing g2-g4:} 15. g4 Bxd3 16. Qxd3 Qd6 17. Rae1 h5 18. h3 hxg4 19. hxg4
Kg7 20. Kg2 a6 21. Qd2 Nd7 22. Bf2 Nf8 23. Re5 f6 $13 {0-1 (37) El Debs,F 
(2527)-Quesada Perez,Y (2645) Montevideo 2015}) 15. Qd2 {White decides to
avoid the exchange of the light-squared bishops.} (15. Bf2 Bf5 {was
comfortable for Black in the following game:} 16. h3 Qd6 17. Ne2 Bxd3 18. Qxd3
a5 19. Rac1 Ra6 20. g4 hxg4 21. hxg4 Rb6 22. Rc2 a4 23. Bg3 Rb3 24. Qd2 Nc6 25.
Nc3 Na5 26. Qh2 Nc4 $13 {1/2 (36) Swayams,M (2440)-Goganov,A (2598) Moscow 2015
}) 15... Bf5 16. Be2 Qd7 (16... Nc8 $5 {[%cal Yc8d6]} 17. Bf2 Nd6 18. Bh4 c6 {
[%cal Ye8e6]}) 17. Rfe1 Be6 18. Bf2 Nf5 19. Bd3 (19. g4 hxg4 20. fxg4 Ng7 21.
f5 gxf5 22. Bh4 Nh7 $1 $13 ({but not} 22... Nxg4 $2 23. h3)) 19... Nd6 20. Re5
c6 21. Rae1 Bf5 22. Bh4 (22. Bf1 Nh7 $11 {[%cal Yf7f6]}) 22... Nh7 23. Be7 Bxd3
(23... f6 $142 $1 24. R5e3 Bxd3 25. Bxd6 Rxe3 26. Qxe3 Qxd6 27. Qxd3 f5 $11)
24. Bxd6 Bf5 25. Bb4 $14 {In this position, with opposite-coloured bishops,
White keeps attacking chances on the kingside. However, Black plays accurately.
} b6 26. a4 a5 27. Ba3 Re6 28. h3 Rae8 29. g4 {Looks formidable but Black
solves his problems by means of a piece sacrifice.} Rxe5 30. fxe5 (30. dxe5
$142 hxg4 31. hxg4 Bxg4 (31... Be6 32. Bd6 $36) 32. fxg4 Qxg4+ 33. Kf1 Nf6 $1
$132) 30... hxg4 31. hxg4 Bxg4 $1 {[%mdl 512] Here this sacrifice is even more
effective than after 30.dxe5.} 32. fxg4 Qxg4+ 33. Kf1 Ng5 $40 {[%cal Yg8g7,
Ye8h8]} 34. Qg2 (34. Re3 Nf3 (34... Kg7 35. Qf2 $1) 35. Qf2 Nxd4 $15) 34...
Qf5+ 35. Qf2 Nf3 (35... Qd3+ 36. Re2 Ne6 37. Kg1 Nxd4 38. Re3 Qf5 39. Bd6 $13)
36. Ke2 Nxe1 37. Qxf5 gxf5 38. Kxe1 f6 $15 {[%mdl 4096] Black has obtained a
favorable endgame.} 39. Bd6 Kf7 40. Ne2 fxe5 41. dxe5 Ke6 42. Kf2 $6 (42. Nf4+
$142 Kd7 43. Ke2 d4 44. Kd3) 42... Kd7 43. Nf4 Rg8 (43... d4 $1 {was now quite
strong, e.g.} 44. Ng6 (44. Ke2 Rg8 {[%cal Yg8g4] - the point is that the
endgame after} 45. Kd3 Rg4 46. Nh5 c5 $1 47. Nf6+ Ke6 48. Nxg4 fxg4 {is
winning for Black}) 44... Rg8 45. Nf8+ Ke8 46. Ne6 Rg4 $17 {However, Sergey
Karjakin consequently misses this chance.}) 44. Ba3 Re8 45. Bd6 (45. e6+ $1 Kc7
46. Ke3 $11) 45... Rg8 (45... d4 $1) 46. Ba3 Re8 47. Bd6 1/2-1/2